| 000 | 01253cam a2200229 4500 | ||
|---|---|---|---|
| 001 | L136903 | ||
| 008 | 070301n2004 000 0 eng u | ||
| 035 | _a(Sirsi) u136903 | ||
| 041 | 0 | _aeng | |
| 050 | _a711.14 $2 18 | ||
| 110 | 2 |
_aUnited Kingdom _bOffice of the Deputy Prime Minister |
|
| 245 | 0 | 0 |
_aCompulsory purchase and the Crichel Down rules _h[electronic resource] |
| 260 |
_aLondon _bODPM _c2004 |
||
| 490 | 0 | _aODPM Circular 06 $2 004 | |
| 520 | _aProvides guidance to acquiring Local Planning Authorities (LPAs) in England making compulsory purchase orders to which the Acquisition of Land Act 1981 (as amended) applies. Its aim is to help LPAs to use their compulsory purchase powers to best effect and, by advising on the application of the correct procedures and statutory or administrative requirements, to ensure that orders progress quickly and are without defects. | ||
| 650 | 2 | 4 | _aACQUISITION OF LAND ACT 1981 |
| 650 | 2 | 4 | _aCRICHEL DOWN RULES |
| 651 | 4 |
_aEngland _y886- |
|
| 690 | _aENVIRONMENTAL AND LAND CONSULTANCY-PLANNING AND DEVELOPMENT-COMPULSORY PURCHASE AND COMPENSATION | ||
| 856 | 4 | 0 |
_uhttps://www.communities.gov.uk/index.asp?id=1162557 _zView the circular free of charge at www.communities.gov.uk... |
| 942 | _n0 | ||
| 999 |
_c106537 _d106537 |
||